[Event "DEN-ch Jr op"]
[Site "Haderslev"]
[Date "1981.06.??"]
[Round "7"]
[White "Windelboe, Werner"]
[Black "Nielsen, Lars"]
[Result "0-1"]
[WhiteElo "1982"]
[BlackElo "2037"]
[PlyCount "82"]

1. Nf3 Nf6 2. g3 g6 3. Bg2 Bg7 4. c4 O-O 5. O-O c5 6. Nc3 Nc6 7. e4 d6 8. d4
Bg4 9. dxc5 dxc5 10. Be3 Qa5 11. Qc1 Rfd8 12. Nd2 Nd4 13. Kh1 Nd7 14. Nb3 Qc7
15. Nd5 Qd6 16. Bxd4 Bxd4 17. f4 e6 18. e5 Qf8 19. Nc7 Rab8 20. Nb5 Nb6 21. Na5
Rd7 22. a4 h5 23. Nd6 Qe7 24. Ne4 Kg7 25. Ra3 Bf5 26. Nf6 Rdd8 27. h3 Nd7 28.
Nxb7 Nxf6 29. Nxd8 Qxd8 30. exf6+ Qxf6 31. Ra2 Rb3 32. Rf3 Rxf3 33. Bxf3 Bxh3
34. b4 cxb4 35. c5 b3 36. Re2 b2 37. Qc2 h4 38. c6 hxg3 39. c7 Bf5 40. c8=Q
Qh4+ 41. Rh2 b1=Q+ 1/2-1/2

[Event "DEN-ch Jr op"]
[Site "Haderslev"]
[Date "1981.06.??"]
[Round "7"]
[White "Andresen, Jesper"]
[Black "Light, Bjarne"]
[Result "1/2-1/2"]
[WhiteElo "1919"]
[BlackElo "1904"]

1. d4 Nf6 2. c4 g6 3. Nc3 Bg7 4. e4 d6 5. Be2 O-O 6. Bg5 c5 7. d5 b5
8. cxb5 a6 9. a4 axb5 10. Bxb5 Ba6 11. Nf3 Nbd7 12. Qe2 Bxb5 13. Nxb5
Nb6 14. Nc3 Qd7 15. a5 Rfb8 16. O-O Nc8 17. Ra2 Na7 18. Nd2 Nb5 19.
Nxb5 Qxb5 20. Qxb5 Rxb5 21. a6 Ra7 22. f3 Rb4 23. Be3 Nd7 24. Rb1 Nb8
25. Kf2 Rxa6 26. Rxa6 Nxa6 27. b3 Nc7 28. Rc1 e6 29. dxe6 fxe6 30. Bf4
Ne8 31. Rc4 Bd4+ 32. Be3 Bxe3+ 1/2-1/2

[Event "DEN-ch Jr op"]
[Site "Haderslev"]
[Date "1981.06.??"]
[Round "7"]
[White "Bang, Peter"]
[Black "Madsen, John"]
[Result "1/2-1/2"]
[WhiteElo "1945"]
[BlackElo "2023"]
[WhiteElo "2290"]
[BlackElo "2200"]

1. d4 f5 2. Nc3 Nf6 3. Bg5 e6 4. e4 fxe4 5. Nxe4 Be7 6. Bxf6 Bxf6 7.
Qh5+ g6 8. Qh6 Qe7 9. Nxf6+ Qxf6 10. Nf3 Nc6 11. O-O-O b6 12. Bb5 Bb7
13. d5 exd5 14. Bxc6 Bxc6 15. Rhe1+ Kd8 16. Rd4 Qf8 17. Qh4+ Kc8 18.
Rf4 Qc5 19. Rf7 Kb7 20. Qd4 Qxd4 21. Nxd4 h5 22. Rg7 Rhg8 23. Ree7 Rac8
24. Kd2 g5 25. g3 g4 26. Rh7 Rh8 27. c3 a5 28. Ke3 Rce8 29. f4 Rxh7
30. Rxe8 d6 31. Nxc6 Kxc6 32. f5 Kd7 33. Rg8 Ke7 34. Kf4 Kf7 35. Rc8
Kf6 36. Re8 Kf7 37. Re2 Kf6 38. Re6+ Kf7 39. Kg5 Rh8 40. Rf6+ Kg7 41.
Rg6+ Kf7 42. f6 Rh7 43. Rg7+ Rxg7+ 44. fxg7 c5 45. Kxh5 b5 46. Kxg4 d4
47. cxd4 c4 48. Kf3 d5 49. Ke3 b4 1/2-1/2

[Event "DEN-ch Jr op"]
[Site "Haderslev"]
[Date "1981.06.??"]
[Round "7"]
[White "Christensen, Jan Schleicher"]
[Black "Danielsen, Henrik"]
[Result "1/2-1/2"]
[WhiteElo "2019"]
[BlackElo "2075"]

1. e4 c5 2. Nf3 e6 3. d4 cxd4 4. Nxd4 Nf6 5. Nc3 d6 6. Be3 a6 7. f4
Nbd7 8. Qf3 Qc7 9. O-O-O b5 10. Bd3 Bb7 11. g4 Nc5 12. a3 Be7 13. Rhf1
Rc8 14. g5 Nfd7 15. Kb1 Qa5 16. Nce2 d5 17. e5 Ne4 18. Nb3 Qc7 19. Ng3
1/2-1/2

[Event "DEN-ch Jr op"]
[Site "Haderslev"]
[Date "1981.06.??"]
[Round "7"]
[White "Fransson, Peter"]
[Black "Watson, William"]
[Result "1/2-1/2"]
[WhiteElo "2181"]
[BlackElo "2350"]

1. e4 c5 2. Nf3 d6 3. Nc3 Nf6 4. d4 cxd4 5. Nxd4 g6 6. Be3 Bg7 7. Be2
Nc6 8. O-O O-O 9. Nb3 Be6 10. f4 Qc8 11. Kh1 a5 12. Nd4 Nxd4 13. Bxd4
Bc4 14. Bd3 b5 15. Qe2 Rb8 16. e5 Nd7 17. a4 Bxd3 1/2-1/2

[Event "DEN-ch Jr op"]
[Site "Haderslev"]
[Date "1981.06.??"]
[Round "7"]
[White "Hofmann, Michael"]
[Black "Kirkmeester, Heiko"]
[Result "1-0"]
[WhiteElo "2061"]
[BlackElo "2225"]

1. e4 e6 2. d4 d5 3. Nd2 b6 4. c3 Be7 5. Bd3 Bb7 6. e5 Qd7 7. Ne2 Ba6
8. Bxa6 Nxa6 9. O-O Nh6 10. Nf3 Nf5 11. g4 Nh4 12. Nxh4 Bxh4 13. f4 Be7
14. f5 O-O-O 15. Ng3 Rdf8 16. Qe2 Kb7 17. Nh5 g6 18. fxe6 Qxe6 19. Nf6
Nb8 20. Bh6 Rc8 21. b4 Bf8 22. Bxf8 Rcxf8 23. Rf2 Nc6 24. c4 Ne7 25.
Rc1 c6 26. c5 b5 27. Rcf1 h6 28. Kh1 a6 29. Qe3 Ra8 30. Qb3 Ra7 31. a4
Raa8 32. a5 Rad8 33. Qe3 Rdf8 34. Rf3 Qc8 35. Kg2 Qe6 36. Kh1 Qc8 37.
Kg2 Qe6 38. R1f2 Qc8 39. Rd2 Qe6 40. Rb2 Kc7 41. Re2 Kb7 42. Rh3 h5
43. gxh5 Kc7 44. h6 Nf5 45. Qf4 Kb7 46. h7 Ng7 47. Rf2 Ka7 48. Qh6 Nf5
49. Qf4 Ng7 50. Rhf3 Nf5 51. Kh1 Ng7 52. Qh6 Nf5 53. Rxf5 gxf5 54. Rg2
f4 55. Qxf4 Kb7 56. Qf3 Kc7 57. Rg8 Qc8 58. Qg4 Qxg4 59. Rxg4 Kd8 60.
Kg2 Ke7 61. Kg3 Rd8 62. Rg5 Rdf8 63. Kg4 Rd8 64. Kh5 Ke6 65. Kh6 1-0

[Event "DEN-ch Jr op"]
[Site "Haderslev"]
[Date "1981.06.??"]
[Round "7"]
[White "Holmsgaard, Henrik"]
[Black "Jelling, Erik"]
[Result "1/2-1/2"]
[WhiteElo "2101"]
[BlackElo "2084"]

1. d4 d5 2. c4 c6 3. Nc3 Nf6 4. Bg5 Nbd7 5. cxd5 cxd5 6. Nf3 e6 7. e3
Bd6 8. Bd3 a6 9. a4 b6 10. O-O Bb7 11. Rb1 Qc7 12. Bxf6 Nxf6 13. Qe2
Ne4 14. Rfc1 Nxc3 15. bxc3 O-O 16. Qb2 b5 17. axb5 axb5 18. Qd2 Bc6
19. Bxb5 Bxb5 20. Rxb5 Qc4 21. Rbb1 1/2-1/2

[Event "DEN-ch Jr op"]
[Site "Haderslev"]
[Date "1981.06.??"]
[Round "7"]
[White "Iversen, Jorgen"]
[Black "Nielsen, Jan"]
[Result "0-1"]
[WhiteElo "2005"]
[BlackElo "2023"]

1. e4 c5 2. Nf3 Nc6 3. c3 Nf6 4. e5 Nd5 5. d4 cxd4 6. cxd4 e6 7. Bc4
Nb6 8. Bd3 d6 9. O-O dxe5 10. dxe5 Be7 11. Nc3 O-O 12. a3 Bd7 13. Qc2
h6 14. Be3 a6 15. Qd2 Qc7 16. Rfe1 f5 17. exf6 Bxf6 18. Bxb6 Qxb6 19.
Bxa6 Rad8 20. Bd3 Nd4 21. Nxd4 Bxd4 22. Re2 Bc6 23. Rf1 Qc5 24. Qc2 Rf4
25. Nd1 Qd5 0-1

[Event "DEN-ch Jr op"]
[Site "Haderslev"]
[Date "1981.06.??"]
[Round "7"]
[White "Lutz, Richard"]
[Black "Zielinski, Marek"]
[Result "1-0"]
[WhiteElo "2160"]
[BlackElo "2125"]

1. Nf3 Nf6 2. b3 e6 3. Bb2 Be7 4. e3 O-O 5. c4 c5 6. d4 cxd4 7. exd4 b6
8. Bd3 Bb7 9. Nbd2 d5 10. O-O Ne4 11. Qe2 Nxd2 12. Nxd2 Nc6 13. Nf3 Bf6
14. Rfd1 g6 15. cxd5 exd5 16. Bb5 a6 17. Bxc6 Bxc6 18. Ne5 Qd6 19. Rac1
Rfc8 20. Qg4 Bb7 21. h4 Qe6 22. Qxe6 fxe6 23. g3 Rxc1 24. Rxc1 Rc8 25.
Rxc8+ Bxc8 26. Ba3 Kg7 27. Bd6 Bxe5 28. Bxe5+ Kf7 29. Bc7 b5 30. Kg2
Kf6 31. Kf3 h6 32. Bd8+ Kf7 33. Kf4 Ke8 34. Ba5 Kf7 35. Ke5 Bd7 36. Kd6
Be8 37. Bd8 b4 38. Ba5 Bb5 39. Bxb4 Bd3 40. Bd2 Bb1 41. a3 Bc2 42. b4
Bd3 43. Bxh6 Bb5 44. Bf4 Kf6 45. Bh6 Kf7 46. Bg5 Ba4 47. Kc7 Ke8 48.
Kb6 Bb5 49. a4 1-0

[Event "DEN-ch Jr op"]
[Site "Haderslev"]
[Date "1981.06.??"]
[Round "7"]
[White "Rasmussen, Karsten"]
[Black "Caspersen, Jes"]
[Result "1-0"]
[WhiteElo "2250"]
[BlackElo "1907"]

1. e4 e6 2. d4 d5 3. Nc3 Bb4 4. Nge2 dxe4 5. a3 Bxc3+ 6. Nxc3 Nc6 7.
Bb5 Nge7 8. Bg5 f6 9. Be3 O-O 10. Qd2 Bd7 11. Nxe4 Nd5 12. Nc5 Nxe3
13. fxe3 Qe7 14. Nxb7 Rab8 15. Bxc6 Bxc6 16. Na5 Be4 17. b4 Rb5 18. O-O
Rg5 19. Rf2 Qd6 20. Qe2 f5 21. Nc4 Qd5 22. Ne5 Rf6 23. c4 Qd8 24. Nf3
Bxf3 25. Qxf3 Rf7 26. b5 Rg6 27. a4 Rh6 28. a5 g5 29. c5 Qd5 30. Rb2
Qxf3 31. gxf3 Rh3 32. b6 1-0

[Event "DEN-ch Jr op"]
[Site "Haderslev"]
[Date "1981.06.??"]
[Round "7"]
[White "Ray, Dennis"]
[Black "Schandorff, Lars"]
[Result "1-0"]
[WhiteElo "2126"]
[BlackElo "2165"]

1. e4 c5 2. Nf3 d6 3. d4 cxd4 4. Nxd4 Nf6 5. Nc3 a6 6. Bg5 e6 7. f4 Qb6
8. Qd2 Nbd7 9. O-O-O Qc7 10. Be2 Be7 11. g4 b5 12. a3 Rb8 13. Bxf6 Nxf6
14. g5 Nd7 15. f5 Ne5 16. Rhf1 Nc4 17. Bxc4 Qxc4 18. f6 gxf6 19. gxf6
Bf8 20. Nb3 Qc7 21. Qd4 a5 22. Rde1 Bd7 23. Nd2 b4 24. Ncb1 bxa3 25.
Nxa3 Rb4 26. Qe3 Qb8 27. Qc3 Bh6 28. Rf2 Bb5 29. Nxb5 Rxb5 30. Qc6+ Kf8
31. Qc3 Rg8 32. Kb1 Rc5 33. Qd3 Bg5 34. Rf3 Rg6 35. Ref1 Qd8 36. Nc4 d5
37. Ne5 Rh6 38. Qa3 dxe4 39. Qxc5+ Kg8 40. Rc3 Rxf6 41. Rxf6 Qxf6 42.
Nd7 1-0

[Event "DEN-ch Jr op"]
[Site "Haderslev"]
[Date "1981.06.??"]
[Round "7"]
[White "Rewitz, Poul"]
[Black "Ochsner, Thomas"]
[Result "0-1"]
[WhiteElo "2007"]
[BlackElo "2029"]

1. c3 b6 2. d4 Bb7 3. Bg5 h6 4. Bh4 g5 5. Bg3 Bg7 6. Nd2 Nf6 7. f3 d5
8. e3 c5 9. Bd3 Nc6 10. Ne2 Nd7 11. h4 e5 12. e4 exd4 13. exd5 Nce5
14. Ne4 Bxd5 15. Nd6+ Kf8 16. hxg5 hxg5 17. Rxh8+ Bxh8 18. cxd4 cxd4
19. Nf5 Nc5 20. Bxe5 Bxe5 21. Kf2 Qf6 22. Nfg3 g4 23. Ng1 Qh4 24. N1e2
gxf3 25. gxf3 Qh2+ 26. Kf1 Bxg3 27. Nxg3 Qxg3 28. Be2 d3 29. Bxd3 Bxf3
30. Qc2 Nxd3 31. Qxd3 Qg2+ 32. Ke1 Re8+ 33. Qe3 Rxe3+ 0-1

[Event "DEN-ch Jr op"]
[Site "Haderslev"]
[Date "1981.06.??"]
[Round "7"]
[White "Sorensen, Torben N"]
[Black "Winants, Luc"]
[Result "1/2-1/2"]
[WhiteElo "1952"]
[BlackElo "2138"]

1. d4 Nf6 2. c4 e6 3. Nc3 Bb4 4. Bg5 h6 5. Bh4 c5 6. d5 b5 7. dxe6 fxe6
8. cxb5 d5 9. e3 O-O 10. Bd3 Bb7 11. Nge2 e5 12. a3 Ba5 13. O-O Bb6
14. Na4 Nbd7 15. Nxb6 axb6 16. b4 Qc7 17. f4 e4 18. Bc2 Rfd8 19. Qd2
Nf8 20. Rfd1 Rd7 21. Bb3 Kh8 22. a4 Ng6 23. Bxf6 gxf6 24. Rac1 Qd6 25.
a5 Rad8 26. Qa2 Ne7 27. bxc5 bxc5 28. Qa3 1/2-1/2

[Event "DEN-ch Jr op"]
[Site "Haderslev"]
[Date "1981.06.??"]
[Round "8"]
[White "Danielsen, Henrik"]
[Black "Madsen, John"]
[Result "1-0"]
[WhiteElo "2075"]
[BlackElo "2023"]

1. c4 g6 2. Nc3 Bg7 3. d4 d6 4. e4 Nf6 5. Nf3 O-O 6. Be2 c6 7. O-O e5
8. d5 cxd5 9. cxd5 Nh5 10. Be3 f5 11. exf5 Bxf5 12. Ng5 Nf4 13. Bxf4
exf4 14. Ne6 Bxe6 15. dxe6 Bxc3 16. Qb3 Qe7 17. bxc3 Nc6 18. Bf3 Rab8
19. Bd5 Ne5 20. f3 b6 21. c4 Rbc8 22. a4 Rc5 23. a5 Rfc8 24. axb6 axb6
25. Ra4 Ra5 26. Rxa5 bxa5 27. Qb6 Rc5 28. Qd8+ 1-0

[Event "DEN-ch Jr op"]
[Site "Haderslev"]
[Date "1981.06.??"]
[Round "8"]
[White "Holmsgaard, Henrik"]
[Black "Nielsen, Jan"]
[Result "0-1"]
[WhiteElo "2101"]
[BlackElo "2023"]

1. d4 Nf6 2. c4 e6 3. Nf3 c5 4. d5 exd5 5. cxd5 d6 6. Nc3 g6 7. Nd2 Bg7
8. Nc4 O-O 9. Bg5 Re8 10. Qd2 Na6 11. Rd1 h6 12. Bxh6 Ne4 13. Nxe4 Rxe4
14. Bxg7 Kxg7 15. Qc3+ f6 16. f3 Rh4 17. e4 b5 18. Ne3 b4 19. Qc2 Nc7
20. Qf2 Rh8 21. Qg3 Qe7 22. Bd3 Qe5 23. f4 Qh5 24. e5 fxe5 25. fxe5 Re8
26. e6 Nxd5 27. Nxd5 Rxe6+ 28. Ne3 Qh6 29. Kf2 Rf6+ 30. Kg1 Be6 31. h3
Raf8 32. Rf1 c4 33. Be2 Rxf1+ 34. Nxf1 Qc1 35. Qxd6 Qe1 36. Qxe6 Rxf1+
37. Bxf1 Qxe6 38. Kh2 Qe5+ 0-1

[Event "DEN-ch Jr op"]
[Site "Haderslev"]
[Date "1981.06.??"]
[Round "8"]
[White "Kirkmeester, Heiko"]
[Black "Jelling, Erik"]
[Result "1/2-1/2"]
[WhiteElo "2225"]
[BlackElo "2084"]

1. d4 d5 2. c4 c6 3. cxd5 cxd5 4. Nf3 Nf6 5. Nc3 Nc6 6. Bf4 Bf5 7. e3
e6 8. Bb5 Nd7 9. Qa4 Qb6 10. Nh4 Be4 11. Rc1 Be7 12. Nf3 Bg6 13. O-O
1/2-1/2

[Event "DEN-ch Jr op"]
[Site "Haderslev"]
[Date "1981.06.??"]
[Round "8"]
[White "Light, Bjarne"]
[Black "Bang, Peter"]
[Result "1/2-1/2"]
[WhiteElo "1904"]
[BlackElo "1945"]
[WhiteElo "2200"]
[BlackElo "2290"]

1. e4 Nf6 2. e5 Nd5 3. d4 d6 4. Nf3 g6 5. c4 Nb6 6. exd6 cxd6 7. Nc3
Bg7 8. Be2 O-O 9. h3 Nc6 10. O-O Bf5 11. Bg5 d5 12. c5 Nc4 13. b3 N4a5
14. Rc1 Qd7 15. Qd2 Rfe8 16. Rfe1 Rac8 17. Bb5 f6 18. Bh6 Bh8 1/2-1/2

[Event "DEN-ch Jr op"]
[Site "Haderslev"]
[Date "1981.06.??"]
[Round "8"]
[White "Nielsen, Lars"]
[Black "Christensen, Jan Schleicher"]
[Result "1/2-1/2"]
[WhiteElo "2037"]
[BlackElo "2019"]

1. d4 Nf6 2. Nf3 e6 3. Bg5 Be7 4. c4 b6 5. Nc3 d5 6. e3 Bb7 7. Be2 O-O
8. O-O Nbd7 9. Rc1 c5 10. Ne5 cxd4 11. exd4 dxc4 12. Bxc4 Nxe5 13. dxe5
Nd7 14. Bxe7 Qxe7 15. Qe2 Qc5 16. Rfe1 Nxe5 17. Qxe5 Qxc4 18. Ne4 Qd5
19. Qg3 Kh8 20. Nd6 Ba6 1/2-1/2

[Event "DEN-ch Jr op"]
[Site "Haderslev"]
[Date "1981.06.??"]
[Round "8"]
[White "Norgaard, Jesper"]
[Black "Agdestein, Espen"]
[Result "1/2-1/2"]
[WhiteElo "2244"]
[BlackElo "2100"]

1. e4 c6 2. d4 d5 3. Nd2 dxe4 4. Nxe4 Nf6 5. Nxf6+ gxf6 6. Nf3 Bf5 7.
Bd3 Bg6 8. O-O Qc7 9. c4 Nd7 10. d5 e5 11. Nh4 O-O-O 12. f4 e4 13. Nxg6
hxg6 14. Bxe4 Bc5+ 15. Kh1 f5 16. dxc6 bxc6 17. Bc2 Ne5 18. Qe1 Ng4
19. h3 Qb6 1/2-1/2

[Event "DEN-ch Jr op"]
[Site "Haderslev"]
[Date "1981.06.??"]
[Round "8"]
[White "Prie, Erik"]
[Black "Ray, Dennis"]
[Result "1-0"]
[WhiteElo "2160"]
[BlackElo "2126"]

1. Nf3 b6 2. g3 Bb7 3. d4 e6 4. Bg2 Nf6 5. c4 Bb4+ 6. Bd2 Be7 7. Nc3 d5
8. Ne5 O-O 9. O-O c5 10. Bg5 Ne4 11. Be3 Nxc3 12. bxc3 Qc7 13. cxd5
Bxd5 14. Bxd5 exd5 15. Bf4 Bd6 16. Nd3 Nd7 17. Qd2 Rfe8 18. Rae1 h6
19. f3 Rac8 20. Rc1 c4 21. Bxd6 Qxd6 22. Nf2 f5 23. Rce1 Nf6 24. e3 Re7
25. Re2 Rce8 26. Rfe1 b5 27. Qc2 g6 28. Qb1 a6 29. Nh3 Kf7 30. Nf4 Qa3
31. Qc2 b4 32. Kf2 bxc3 33. h4 Rb8 34. h5 Rb2 35. hxg6+ Kg7 36. Qxf5 c2
37. Rc1 Qxa2 38. Ne6+ Kg8 39. Qxf6 1-0

[Event "DEN-ch Jr op"]
[Site "Haderslev"]
[Date "1981.06.??"]
[Round "8"]
[White "Rewitz, Poul"]
[Black "Andresen, Jesper"]
[Result "1/2-1/2"]
[WhiteElo "2007"]
[BlackElo "1919"]

1. d4 e6 2. c3 d5 3. e3 c5 4. Bd3 Nf6 5. Nd2 Nc6 6. f4 Be7 7. Ngf3 O-O
8. O-O Ng4 9. Qe2 f5 10. h3 Nf6 11. Nh2 Bd7 12. g4 g6 13. g5 Ne4 14.
Bxe4 dxe4 15. Rf2 cxd4 16. exd4 b5 17. Nhf1 b4 18. Rh2 bxc3 19. bxc3
Bc8 20. h4 Nxd4 21. Qc4 Nf3+ 22. Nxf3 exf3 23. Be3 Qd5 24. Qxd5 exd5
25. Rb1 Ba6 26. Rd2 Rfd8 27. Nh2 Rac8 28. Bd4 Bd6 29. Nxf3 Bxf4 30.
Rdb2 Bd3 31. Rd1 Be4 32. Ne5 Re8 33. Nd7 Re7 34. Rb7 a6 35. Nf6+ Kf7
36. Rb6 Re6 37. Rxe6 Kxe6 38. Nxh7 Rc7 1/2-1/2

[Event "DEN-ch Jr op"]
[Site "Haderslev"]
[Date "1981.06.??"]
[Round "8"]
[White "Schandorff, Lars"]
[Black "Lutz, Richard"]
[Result "0-1"]
[WhiteElo "2165"]
[BlackElo "2160"]

1. e4 g6 2. d4 Bg7 3. Nc3 d6 4. Nf3 Nf6 5. h3 O-O 6. Be3 b6 7. Qd2 Bb7
8. d5 Re8 9. Be2 c6 10. Rd1 Nbd7 11. Bh6 Nc5 12. Bxg7 Kxg7 13. Qd4 cxd5
14. exd5 e5 15. dxe6 Nxe6 16. Qxd6 Qxd6 17. Rxd6 Nf4 18. Rd4 Rxe2+ 19.
Nxe2 Nxg2+ 20. Kd2 Bxf3 21. Ng1 Ne1 22. Rh2 Re8 23. Rf4 Bb7 24. f3 Nh5
25. Ra4 a5 26. Rf2 Ng3 27. Ra3 Nxf3+ 28. Rfxf3 Bxf3 29. Rxf3 Ne4+ 30.
Kd3 f5 31. Ne2 Nc5+ 32. Kd2 Rd8+ 33. Ke1 Ne4 34. Rb3 Rd6 35. c4 g5 36.
Rb5 Kf6 37. Nc3 Nxc3 38. bxc3 Rc6 39. c5 bxc5 40. Rxa5 h5 0-1

[Event "DEN-ch Jr op"]
[Site "Haderslev"]
[Date "1981.06.??"]
[Round "8"]
[White "Watson, William"]
[Black "Rasmussen, Karsten"]
[Result "1-0"]
[WhiteElo "2350"]
[BlackElo "2250"]

1. e4 e6 2. d4 d5 3. Nc3 Bb4 4. Bd3 c5 5. a3 Bxc3+ 6. bxc3 dxe4 7. Bxe4
Nf6 8. Bd3 Nc6 9. Nf3 O-O 10. O-O h6 11. a4 Re8 12. Ba3 cxd4 13. cxd4
Qa5 14. Bd6 b6 15. Bb5 Bd7 16. Ne5 Rac8 17. Ra3 Nxe5 18. dxe5 a6 19.
exf6 axb5 20. Rg3 g6 21. Qc1 Kh7 22. Rh3 h5 23. Rxh5+ gxh5 24. Qg5 Rg8
25. Qxh5# 1-0

[Event "DEN-ch Jr op"]
[Site "Haderslev"]
[Date "1981.06.??"]
[Round "8"]
[White "Winants, Luc"]
[Black "Caspersen, Jes"]
[Result "1-0"]
[WhiteElo "2138"]
[BlackElo "1907"]

1. d4 Nf6 2. c4 g6 3. Nc3 Bg7 4. e4 d6 5. Nf3 O-O 6. Be2 e5 7. Be3 Nc6
8. d5 Ne7 9. Nd2 Nd7 10. b4 f5 11. f3 b6 12. Nb3 Nf6 13. c5 f4 14. Bf2
c6 15. Bc4 b5 16. cxd6 bxc4 17. dxe7 Qxe7 18. Bc5 Qd8 19. Bxf8 Bxf8
20. Nc5 Bxc5 21. bxc5 Qa5 22. Qd2 Qxc5 23. d6 Be6 24. Qf2 Qxd6 25. O-O
Qa3 26. Qd2 Kf7 27. Rab1 Nd7 28. Rb7 Ke7 29. Rd1 Rd8 30. g3 Qa6 31.
Qd6+ Kf6 32. Nd5+ Kg5 33. Qe7+ Kh6 34. Nc7 1-0

[Event "DEN-ch Jr op"]
[Site "Haderslev"]
[Date "1981.06.??"]
[Round "8"]
[White "Windelboe, Werner"]
[Black "Iversen, Jorgen"]
[Result "1-0"]
[WhiteElo "1982"]
[BlackElo "2005"]

1. Nf3 Nf6 2. g3 b6 3. Bg2 Bb7 4. d4 e6 5. O-O Be7 6. c4 c5 7. Nc3 O-O
8. Qc2 cxd4 9. Nxd4 Bxg2 10. Kxg2 d5 11. cxd5 Na6 12. Nc6 Nb4 13. Qa4
Nxc6 14. dxc6 Qc7 15. Be3 a6 16. Ne4 Nd5 17. Bd2 b5 18. Qc2 f5 19. Ng5
Bxg5 20. Bxg5 Nb4 21. Qc5 Qxc6+ 22. Qxc6 Nxc6 23. Rac1 Ne5 24. Rc7 Rac8
25. Rfc1 Nc4 26. Rxc8 Rxc8 27. b3 Nb6 28. Rxc8+ Nxc8 29. Kf3 Kf7 30.
Kf4 Nd6 31. f3 Ke8 32. Bh4 Kd7 33. g4 fxg4 34. Kxg4 Nf7 35. f4 Kd6 36.
Bf2 g6 37. e4 Ke7 38. h4 Nd6 39. Bc5 Kd7 40. Bxd6 Kxd6 41. Kg5 e5 42.
f5 gxf5 43. Kxf5 1-0

[Event "DEN-ch Jr op"]
[Site "Haderslev"]
[Date "1981.06.??"]
[Round "8"]
[White "Zielinski, Marek"]
[Black "Ochsner, Thomas"]
[Result "0-1"]
[WhiteElo "2125"]
[BlackElo "2029"]

1. e4 e5 2. Nf3 Nc6 3. Bb5 Nf6 4. O-O Bc5 5. c3 O-O 6. d4 Bb6 7. Re1 d6
8. Na3 exd4 9. Nxd4 Bg4 10. f3 Bd7 11. Be3 Re8 12. Ba4 d5 13. Nxc6 Bxc6
14. Bxc6 bxc6 15. Bxb6 axb6 16. exd5 Qxd5 17. Qxd5 cxd5 18. Kf2 Kf8
19. Nb5 c6 20. Nd4 c5 21. Nc2 Rxe1 22. Kxe1 Nd7 23. Ne3 Nf6 24. b3 g6
25. a4 Ke7 26. Rd1 Kd6 27. Rd2 Kc6 28. Ng4 Nd7 29. Re2 Kd6 30. Ne3 h5
31. Kf2 Nf6 32. Rd2 Kc6 33. h4 Rd8 34. Nc2 Ne8 35. Re2 Kd6 36. g4 Nf6
37. g5 Nd7 38. f4 Nf8 39. Ne3 Ne6 40. Kf3 d4 41. Nc4+ Kc7 42. Rc2 dxc3
43. Rxc3 Rd4 44. Re3 Rxf4+ 45. Kg3 Rg4+ 46. Kh3 Nf4+ 47. Kh2 Rxh4+ 48.
Kg3 Rg4+ 49. Kf3 Ne6 0-1

[Event "DEN-ch Jr op"]
[Site "Haderslev"]
[Date "1981.06.??"]
[Round "9"]
[White "Andresen, Jesper"]
[Black "Windelboe, Werner"]
[Result "0-1"]
[WhiteElo "1919"]
[BlackElo "1982"]

1. d4 Nf6 2. c4 c5 3. Nf3 cxd4 4. Nxd4 b6 5. f3 e6 6. e4 Nxe4 7. fxe4
Qh4+ 8. Ke2 Nc6 9. Nxc6 Qxe4+ 10. Kd2 g6 11. Qf3 Qxf3 12. gxf3 dxc6
13. Nc3 Ba6 14. Kc2 Bg7 15. Be3 O-O 16. Rd1 c5 17. Be2 Rad8 18. Ne4 h6
19. b3 Bb7 20. Rd2 Rxd2+ 21. Bxd2 f5 22. Ng3 g5 23. Rd1 Bd4 24. Bc3 e5
25. Bxd4 cxd4 26. Rf1 Kg7 27. Bd3 Bc8 28. Kd2 Kg6 29. c5 h5 30. cxb6
axb6 31. Rc1 Bb7 32. Ke2 g4 33. fxg4 hxg4 34. Rc7 Bf3+ 35. Kf2 e4 36.
Bb1 Rd8 37. Ke1 d3 38. Kd2 f4 39. Nxe4 Bxe4 40. Re7 Bf5 41. Re1 f3 42.
Rf1 Re8 0-1

[Event "DEN-ch Jr op"]
[Site "Haderslev"]
[Date "1981.06.??"]
[Round "9"]
[White "Christensen, Jan Schleicher"]
[Black "Bang, Peter"]
[Result "1/2-1/2"]
[WhiteElo "2019"]
[BlackElo "1945"]
[WhiteElo "2200"]
[BlackElo "2290"]

1. e3 d5 2. b3 e5 3. Bb2 Nc6 4. Bb5 Bd6 5. c4 a6 6. Bxc6+ bxc6 7. c5
Bxc5 8. Bxe5 f6 9. Bb2 Ne7 10. Nf3 Bg4 11. O-O O-O 12. d3 Bd6 13. Nbd2
a5 14. Rc1 1/2-1/2

[Event "DEN-ch Jr op"]
[Site "Haderslev"]
[Date "1981.06.??"]
[Round "9"]
[White "Fluckiger, Christian"]
[Black "Danielsen, Henrik"]
[Result "1/2-1/2"]
[WhiteElo "2160"]
[BlackElo "2075"]

1. e4 c6 2. d4 d5 3. exd5 cxd5 4. Bd3 Nc6 5. c3 g6 6. Nf3 Bf5 7. Bxf5
gxf5 8. Bf4 e6 9. Qb3 Qb6 10. Na3 Qxb3 11. axb3 a6 12. b4 Nf6 13. Nb5
Rc8 14. Nc7+ Kd7 15. b5 axb5 16. Nxb5 Nh5 17. Bd2 Bd6 18. O-O Rhg8 19.
Nxd6 Kxd6 20. Rfe1 1/2-1/2

[Event "DEN-ch Jr op"]
[Site "Haderslev"]
[Date "1981.06.??"]
[Round "9"]
[White "Fransson, Peter"]
[Black "Norgaard, Jesper"]
[Result "0-1"]
[WhiteElo "2181"]
[BlackElo "2244"]

1. e4 e5 2. Nf3 Nc6 3. Bb5 a6 4. Ba4 Nf6 5. Qe2 b5 6. Bb3 Bc5 7. c3 O-O
8. O-O d6 9. h3 Re8 10. d3 h6 11. Kh1 Be6 12. g4 Nh7 13. Rg1 Qf6 14. h4
Bxb3 15. axb3 Ne7 16. g5 hxg5 17. hxg5 Qe6 18. b4 Bb6 19. Rg3 Ng6 20.
Be3 Reb8 21. Nbd2 c6 22. d4 Nhf8 23. Rag1 a5 24. bxa5 Rxa5 25. b4 Ra3
26. dxe5 dxe5 27. Rc1 Qe7 28. Ne1 Ne6 29. Nd3 Bxe3 30. Qxe3 Rd8 31. Nf3
Qd6 32. Nc5 Nxc5 33. bxc5 Qe6 0-1

[Event "DEN-ch Jr op"]
[Site "Haderslev"]
[Date "1981.06.??"]
[Round "9"]
[White "Hofmann, Michael"]
[Black "Ray, Dennis"]
[Result "1/2-1/2"]
[WhiteElo "2061"]
[BlackElo "2126"]

1. e4 Nc6 2. Nf3 d5 3. exd5 Qxd5 4. Nc3 Qa5 5. d4 Bg4 6. Bb5 O-O-O 7.
Bxc6 bxc6 8. h3 Bh5 9. g4 Bg6 10. Qe2 e6 11. O-O Bd6 12. a3 h5 13. g5
Ne7 14. Be3 Nf5 15. b4 Qb6 16. Rac1 h4 17. Ne4 Bh5 18. c3 Rhe8 19. Rfe1
Qb7 20. Nc5 Bxc5 21. bxc5 Qb5 22. Qxb5 cxb5 23. Ne5 Kb7 24. Rb1 c6 25.
a4 a6 26. axb5 axb5 27. c4 f6 28. Nxc6 Kxc6 29. cxb5+ Kb7 30. Rec1 Bf3
31. Rb4 fxg5 32. Bxg5 Ra8 33. Bf4 Rec8 34. Be5 g6 35. Rbb1 Ra5 36. Rb2
Bd5 37. Kh2 Ra2 38. Rxa2 Bxa2 39. Rg1 Rg8 40. b6 Bd5 41. Ra1 Ra8 42.
Rb1 Ra2 43. Kg1 Bf3 44. Bf6 Rd2 45. Ra1 Kc6 46. Rb1 Rd1+ 47. Rxd1 Bxd1
48. Kg2 Be2 49. f4 1/2-1/2

[Event "DEN-ch Jr op"]
[Site "Haderslev"]
[Date "1981.06.??"]
[Round "9"]
[White "Iversen, Jorgen"]
[Black "Rewitz, Poul"]
[Result "0-1"]
[WhiteElo "2005"]
[BlackElo "2007"]

1. e4 Nf6 2. e5 Nd5 3. d4 d6 4. c4 Nb6 5. Nf3 g6 6. Nc3 Bg7 7. Bf4 Bg4
8. Be2 Nc6 9. exd6 cxd6 10. Be3 d5 11. c5 Nc8 12. O-O O-O 13. a3 a6
14. h3 Bxf3 15. Bxf3 e6 16. b4 N8e7 17. Qb3 Nf5 18. Ne2 Nfxd4 19. Nxd4
Nxd4 20. Bxd4 Bxd4 21. Rab1 Qd7 22. Rfd1 Bg7 23. a4 Rfc8 24. Rdc1 Bf8
25. Rc2 Rc7 0-1

[Event "DEN-ch Jr op"]
[Site "Haderslev"]
[Date "1981.06.??"]
[Round "9"]
[White "Kirkmeester, Heiko"]
[Black "Winants, Luc"]
[Result "1/2-1/2"]
[WhiteElo "2225"]
[BlackElo "2138"]

1. d4 Nf6 2. c4 e6 3. g3 c5 4. d5 exd5 5. cxd5 d6 6. Nc3 g6 7. Bg2 Bg7
8. Nf3 O-O 9. O-O Re8 10. Nd2 a6 11. a4 Nbd7 12. Nc4 Ne5 1/2-1/2

[Event "DEN-ch Jr op"]
[Site "Haderslev"]
[Date "1981.06.??"]
[Round "9"]
[White "Nielsen, Jan"]
[Black "Jelling, Erik"]
[Result "1/2-1/2"]
[WhiteElo "2023"]
[BlackElo "2084"]

1. e4 Nf6 2. Nc3 d5 3. exd5 Nxd5 4. Nf3 e6 5. Be2 Nxc3 6. bxc3 c5 7.
O-O Be7 8. d3 Qc7 9. Qd2 Nc6 10. Bb2 Bf6 11. Ng5 1/2-1/2

[Event "DEN-ch Jr op"]
[Site "Haderslev"]
[Date "1981.06.??"]
[Round "9"]
[White "Ochsner, Thomas"]
[Black "Rasmussen, Karsten"]
[Result "1/2-1/2"]
[WhiteElo "2029"]
[BlackElo "2250"]

1. e4 e6 2. d4 d5 3. Nd2 Nf6 4. e5 Nfd7 5. Bd3 c5 6. c3 Nc6 7. Ne2 cxd4
8. cxd4 f6 9. exf6 Nxf6 10. Nf3 Bd6 11. Bf4 Bb4+ 12. Nc3 O-O 13. Qc2 h6
14. O-O Nh5 15. Bg3 Nf4 16. Rad1 Bd6 17. a3 Qf6 18. Bxf4 Bxf4 19. Ne2
g5 20. Nxf4 gxf4 21. b4 a6 22. Qd2 Bd7 23. a4 Ne7 24. a5 Nc6 25. Rfe1
Be8 26. Be2 Rc8 27. Rc1 Bg6 28. Ne5 Nxe5 29. dxe5 Qf5 30. Rxc8 Rxc8
31. Rc1 Rxc1+ 32. Qxc1 Qxe5 33. Qc8+ Kg7 34. Qxb7+ Kf6 35. Qxa6 Qa1+
36. Bf1 d4 37. Qd6 Bd3 38. Qxf4+ Ke7 39. Qc7+ Ke8 40. Qb8+ Kd7 41. Qa7+
Kd6 42. Qc5+ Kd7 1/2-1/2

[Event "DEN-ch Jr op"]
[Site "Haderslev"]
[Date "1981.06.??"]
[Round "9"]
[White "Sorensen, Torben N"]
[Black "Schandorff, Lars"]
[Result "1/2-1/2"]
[WhiteElo "1952"]
[BlackElo "2165"]

1. d4 Nf6 2. c4 g6 3. Nc3 Bg7 4. Nf3 O-O 5. e4 d6 6. h3 e5 7. d5 c6 8.
Be3 cxd5 9. cxd5 Na6 10. Nd2 Ne8 11. Bxa6 bxa6 12. O-O 1/2-1/2